UBT Library

AUTORITARIZMI POLTRONIZMI SI RRENUES TE DEMOKRACISE (Record no. 58603)

000 -LEADER
fixed length control field 00340nam a22001457a 4500
008 - FIXED-LENGTH DATA ELEMENTS--GENERAL INFORMATION
fixed length control field 221018b ||||| |||| 00| 0 eng d
020 ## - INTERNATIONAL STANDARD BOOK NUMBER
International Standard Book Number 9789951278669
041 ## - LANGUAGE CODE
Language code of text/sound track or separate title eng
080 ## - UNIVERSAL DECIMAL CLASSIFICATION NUMBER
Universal Decimal Classification number 339
082 ## - DEWEY DECIMAL CLASSIFICATION NUMBER
Classification number 339
100 ## - Rafti
Rafti 23.1
101 ## - Shkurtesa
Shkurtesa TRE
245 ## - TITLE STATEMENT
Title AUTORITARIZMI POLTRONIZMI SI RRENUES TE DEMOKRACISE
Statement of responsibility, etc BEQAJ B
942 ## - ADDED ENTRY ELEMENTS (KOHA)
Source of classification or shelving scheme
Item type Books
Holdings
Withdrawn status Lost status Source of classification or shelving scheme Damaged status Not for loan Collection code Permanent location Current location Date acquired Total Checkouts Full call number Barcode Date last seen Price effective from Koha item type
          Koleksioni i përgjithshem UBT - Lipjan UBT - Lipjan 10/18/2022   339 BEQ 002-800028700260213 10/18/2022 10/18/2022 Books
          Koleksioni i përgjithshem UBT - Lipjan UBT - Lipjan 10/18/2022   339 BEQ 002-800028700260214 10/18/2022 10/18/2022 Books
          Koleksioni i përgjithshem UBT - Lipjan UBT - Lipjan 10/18/2022   339 BEQ 002-800028700260215 10/18/2022 10/18/2022 Books
          Koleksioni i përgjithshem UBT - Lipjan UBT - Lipjan 02/10/2023   339BEQ 003-299 02/10/2023 02/10/2023 Books
          Koleksioni i përgjithshem UBT - Lipjan UBT - Lipjan 02/10/2023   339BEQ 003-300 02/10/2023 02/10/2023 Books
          Koleksioni i përgjithshem UBT - Lipjan UBT - Lipjan 02/10/2023   339BEQ 003-301 02/10/2023 02/10/2023 Books
          Koleksioni i përgjithshem UBT - Lipjan UBT - Lipjan 02/10/2023   339BEQ 003-302 02/10/2023 02/10/2023 Books
UBT Library © 2015-2024. All rights reserved University Education for Business and Technology